000 00673nam a2200277Ia 4500
005 20260324133639.0
008 008 260324s9999 xx 000 0 eng d
020 _a9781315760162
037 _aEBOOK
040 _aCRL
040 _beng
040 _cCRL
041 _2eng
041 _aeng
084 _qCRL
100 _aFederico Zanettin; Silvia Bernardini; Dominic Stewart
_91193863
245 0 _aCorpora in Translator Education
260 _bTaylor and Francis
260 _c2003
365 _a
365 _b230
856 _uhttp://www.taylorfrancis.com/books/9781315760162
942 _cEBOOK
999 _c1793138
_d1793138